Scientific Instruments. (Registro nro. 325037)

Detalles MARC
000 -ENCABEZADO
Número de control [NR] 01710nam a22002657a 4500
005 - FECHA Y HORA DE LA ÚLTIMA TRANSACCIÓN
control field 20241120152711.0
008 - DE LONGITUD FIJA DE DATOS DE ELEMENTOS - INFORMACIÓN GENERAL
Elementos de longitud fija [NR] 241120s1934 xxua|||frc||| 00| 0 eng d
040 ## - FUENTE DE CATALOGACION [NR]
Quien Cataloga Sandra Yazo
Quien Clasifica Sandra Yazo
041 0# - CODIGO DE IDIOMA [R]
Código de idioma para texto/pista de sonido o título separado [R] Inglés
082 04 - NUMERO DE CLASIFICACION DECIMAL DEWEY [R]
Número de la edición [NR] 20
Número de clasificación [R] 530.7
092 ## - SIGNATURA TOPOGRAFICA LOCAL
Número de clasificación local E54N015
110 1# - ASIENTO PRINCIPAL--NOMBRE CORPORATIVO [NR]
Nombre corporativo o de jurisdicción como elemento de entrada [NR] W.M. Welch Scientific Company
ID de autoridad 183818
242 00 - TRADUCCION DEL TITULO POR LA AGENCIA CATALOGADORA [R]
Título [NR] Instrumentos científicos.
Parte restante del título [NR] Aparatos e implementos para laboratorios de física.
Código de idioma del título traducido [NR] spa
245 10 - MENCION DE TITULO [NR]
Título [NR] Scientific Instruments.
Parte restante del título [NR] Apparatus ans Supplies for Laboratories.
260 ## - PUBLICACION, DISTRIBUCION, ETC. (PIE DE IMPRENTA) [R]
Lugar de publicación, distribución, etc. [R] Chicago (Estados Unidos)
Nombre del editor, distribuidor, etc. [R] W. M. Welch Scientific Company
Fecha de publicación, distribución, etc. [R] 1934
300 ## - DESCRIPCION FISICA [R]
Extensión [R] [4], 508, 16 páginas
Dimensiones [R] 26 x 18 cm
500 ## - NOTA GENERAL [R]
Nota general [NR] Detalles físicos: Encuadernación rígida en cartón forrado en tela encolada. Lomo y tapa delantera impresos y con decoración repujada con una sola tinta. Cajos. Guardas. Portada y texto impreso sobre un recuadro de color verde o rosado. Texto en una columna con diferentes tipos y tamaños de letra. Ilustraciones e imágenes dentro del texto. Corte vertical muestra disminución del papel en cada sección de la obra, con pestaña para búsqueda rápida. Ejemplar en buen estado de conservación.
505 0# - NOTA DE CONTENIDO CON FORMATO PREESTABLECIDO [R]
Nota de contenido con formato preestablecido [NR] Catálogo de aparatos de laboratorios de física: Medidas de longitud ; Medida del tiempo ; Balanzas ; Mecánica ; Mecánica de fluidos ; Bombas ; Calor ; Magnetismo ; Electricidad estática ; Corriente eléctrica ; Calibradores ; Sonido ; Luz ; Catálogo de aparatos de laboratorios de química
506 ## - NOTA DE RESTRICCIONES DE ACCESO [R]
Condiciones de acceso [NR] Consulta en sala
546 ## - NOTA DE IDIOMA [R]
Nota de idioma [NR] Texto en francés
650 #7 - ASIENTO SECUNDARIO DE MATERIA - TERMINO TEMATICO [R]
9 (RLIN) 17779
Término temático o nombre geográfico como elemento de entrada [NR] Instrumentos científicos
Subdivisión de forma [R] Catálogos
650 #7 - ASIENTO SECUNDARIO DE MATERIA - TERMINO TEMATICO [R]
9 (RLIN) 18238
Término temático o nombre geográfico como elemento de entrada [NR] Laboratorios
690 ## - ASUNTO AGREGADO LOCAL DE ENTRADA - TÉRMINO TEMÁTICO (OCLC, RLIN)
Acceso temático local Ciencias naturales
9 (RLIN) 10813
942 ## - ELEMENTOS DE ENTRADA AGREGADOS (KOHA)
Sistema de clasificación LOCAL
Tipo de ítem principal el descrito en 300a Libro
Edición 1
Clasificación E54N015
Existencias
Suprimido Perdido Sistema de clasificación Dañado No prestable Tipo de ítem específico Ubicación habitual Ubicación actual Localización Fecha de creación Forma de adquisición Costo Total préstamos Signatura topográfica Código de barras Última vez visto Ejemplar Price effective from Tipo de ítem
    LOCAL     Libro archivo Archivo Histórico Archivo Histórico Archivo histórico 20/11/2024 Donación 0.00   E54N015 L007157 20/11/2024 Ej.1 20/11/2024 Libro